| 000 | 00453nam a22001817a 4500 | ||
|---|---|---|---|
| 003 | Ost | ||
| 005 | 20260413115401.0 | ||
| 008 | 260413b |||||||| |||| 00| 0 eng d | ||
| 040 | _cBT-PhCST | ||
| 050 | _a1690 | ||
| 082 |
_222 _a720.954 _bHAV |
||
| 100 | _aHavell, E.B | ||
| 245 | _aIndian Architecture / | ||
| 260 |
_aNew Delhi : _bS. Chand & CO. (Pvt.) LTD., _c1913. |
||
| 300 |
_axx, 260. ; _bill. ; |
||
| 504 | _aincludes index | ||
| 942 |
_2ddc _cAE |
||
| 999 |
_c10234 _d10234 |
||